书目信息 |
| 题名: |
HyperMesh实用工程技术
|
|
| 作者: | 田建辉 主编 | |
| 分册: | ||
| 出版信息: | 北京 北京理工大学出版社 2020.01 |
|
| 页数: | 260页 | |
| 开本: | 26cm | |
| 丛书名: | 普通高等教育工程软件应用系列教材 | |
| 单 册: | ||
| 中图分类: | O241.82-39 | |
| 科图分类: | ||
| 主题词: | 有限元分析--you xian yuan fen xi--应用软件--高等教育--教材 | |
| 电子资源: | ||
| ISBN: | 978-7-5682-8142-3 | |
| 000 | 01061nam 2200253 450 | |
| 001 | 2058149129 | |
| 005 | 20201105160917.95 | |
| 010 | @a978-7-5682-8142-3@dCNY48.00 | |
| 100 | @a20200716d2020 em y0chiy50 ea | |
| 101 | 0 | @achi |
| 102 | @aCN@b110000 | |
| 105 | @aa a 000yy | |
| 200 | 1 | @aHyperMesh实用工程技术@AHyperMesh shi yong gong cheng ji shu@f主编田建辉 |
| 210 | @a北京@c北京理工大学出版社@d2020.01 | |
| 215 | @a260页@c图@d26cm | |
| 225 | 2 | @a普通高等教育工程软件应用系列教材@Apu tong gao deng jiao yu gong cheng ruan jian ying yong xi lie jiao cai |
| 320 | @a有书目 (第260页) | |
| 330 | @a本书介绍了HyperMesh在有限元分析中的应用。全书以HyperMesh软件的操作过程为主线, 以模型面板的顺序过程及软件的特征演示为主要内容, 最后结合ANSYS软件的导入过程进行了求解对接及工程实例演练。 | |
| 410 | 0 | @12001 @a普通高等教育工程软件应用系列教材 |
| 606 | 0 | @a有限元分析@Ayou xian yuan fen xi@x应用软件@x高等教育@j教材 |
| 690 | @aO241.82-39@v5 | |
| 701 | 0 | @a田建辉@Atian jian hui@4主编 |
| 801 | 0 | @aCN@b人天书店@c20201005 |
| 905 | @aZUCC@dO241.82-39@eT622 | |
| HyperMesh实用工程技术/主编田建辉.-北京:北京理工大学出版社,2020.01 |
| 260页:图;26cm.-(普通高等教育工程软件应用系列教材) |
| ISBN 978-7-5682-8142-3:CNY48.00 |
| 本书介绍了HyperMesh在有限元分析中的应用。全书以HyperMesh软件的操作过程为主线, 以模型面板的顺序过程及软件的特征演示为主要内容, 最后结合ANSYS软件的导入过程进行了求解对接及工程实例演练。 |
| ● |
| 相关链接 |
|
|
|
正题名:HyperMesh实用工程技术
索取号:O241.82-39/T622
 
预约/预借
| 序号 | 登录号 | 条形码 | 馆藏地/架位号 | 状态 | 备注 |
| 1 | 1479392 | 214793927 | 自科库401/401自科库 80排2列2层/ [索取号:O241.82-39/T622] | 在馆 | |
| 2 | 1479393 | 214793936 | 自科库401/401自科库 80排2列2层/ [索取号:O241.82-39/T622] | 在馆 |